| 000 | 00928cab a2200289 4500 | ||
|---|---|---|---|
| 001 | WB3017-25 | ||
| 008 | 090401t1994 xxu||||| |||| 00| 0 eng d | ||
| 035 | _a(Sirsi) u41820 | ||
| 041 | _aeng | ||
| 245 | _aPlanning and pollution control | ||
| 260 | _c1994 | ||
| 350 | _a0 | ||
| 490 |
_aEstates Gazette _v(9417) 30 April 1994, 155(1) |
||
| 520 | _aDiscusses "Gateshead MBC v SoS Environment" (WB2944-43) which considered the dividing line between planning and pollution control considerations. | ||
| 650 | _aCLINICAL WASTE | ||
| 650 | _aDRAFT PPG | ||
| 650 | _aENVIRONMENTAL PROTECTION ACT 1990 | ||
| 650 | _aINCINERATION | ||
| 650 | _aPLANNING AUTHORITIES | ||
| 650 | _aPLANNING POLICY | ||
| 650 | _aPOLLUTION CONTROL AUTHORITIES | ||
| 650 | _aPOLLUTION CONTROL | ||
| 650 | _aTOWN AND COUNTRY PLANNING ACT 1990 S288 | ||
| 690 | _aENVIRONMENTAL AND LAND CONSULTANCY | ||
| 942 | _n0 | ||
| 948 | _c04/03/1997 | ||
| 999 |
_c26848 _d26848 |
||